Statistics for County Seats Of Maine

Click here to take the quiz!

General Stats

  • This quiz has been taken 19 times
  • The average score is 8 of 16

Answer Stats

CountyShire town% Correct
CumberlandPortland
100%
KennebecAugusta
92%
PenobscotBangor
83%
AndroscogginAuburn
58%
AroostookHoulton
58%
SagadahocBath
50%
HancockEllsworth
50%
YorkAlfred
42%
KnoxRockland
42%
SomersetSkowhegan
42%
WaldoBelfast
33%
PiscataquisDover-Foxcroft
33%
WashingtonMachias
33%
LincolnWiscasset
33%
FranklinFarmington
25%
OxfordSouth Paris
25%

Score Distribution

Percentile by Number Answered

Percent of People with Each Score

Your Score History

You have not taken this quiz